000 00648cam a22002411 4500
001 7962985
003 OSt
005 20230626134115.0
008 750915s1960 xx 000 0 eng
010 _a 61002031
015 _aGB60-21619
035 _a(OCoLC)1625283
040 _aDLC
_cFJUNF
_dUk
_dDLC
042 _apremarc
082 _a332.1
_bDAC
100 1 _aDacey, William Manning,
_d1907-1964.
245 1 0 _aMoney under review.
260 _aLondon,
_bHutchinson
_c[1960]
300 _a 175 p.
_billus.
_c22 cm.
650 0 _aCurrency question
_zGreat Britain.
906 _a7
_bcbc
_coclcrpl
_du
_encip
_f19
_gy-gencatlg
942 _2ddc
_cBK
999 _c2735
_d2735